Gaming Quiz

Random Gaming or Clickable Quiz
Score 0/34 Timer 10:00
0 Plays Today
% Correct
Jaggi
87.1%
Great Jaggi
86.4%
Deviljho
86.4%
Barroth
86.1%
Baggi
85.8%
Ludroth
84.7%
Rathalos
84.4%
Giggi
84.1%
Gigginox
83.7%
Lagiacrus
83.4%
Qurupeco
83.1%
Barioth
82.4%
Jaggia
82%
Royal Ludroth
82%
Gobul
82%
Rathian
81.7%
Ceadeus
81.7%
% Correct
Great Baggi
81%
Diablos
81%
Alatreon
80.7%
Kelbi
79%
Uragaan
78.3%
Jhen Mohran
78.3%
Agnaktor
78%
Bnahabra
77.3%
Felyne
76.3%
Aptonoth
76.3%
Rhenoplos
75.9%
Altaroth
75.3%
Melynx
73.6%
Epioth
70.8%
Popo
69.8%
Delex
67.1%
Uroktor
67.1%
Remove Ads.
Support Sporcle.
Get the best of Sporcle when you Go Orange. This ad-free experience offers more features, more stats, and more fun while also helping to support Sporcle. Thank you for becoming a member.

You're not logged in!

Compare scores with friends on all Sporcle quizzes.
OR
Log In

Show Comments

Extras

Top Quizzes Today


Score Distribution

Your Account Isn't Verified!

In order to create a playlist on Sporcle, you need to verify the email address you used during registration. Go to your Sporcle Settings to finish the process.

Report this User

Report this user for behavior that violates our Community Guidelines.

Details: